تخطي إلى المحتوى
Inicio
Centros participantes
Catálogo
Servicios
Contacto
تسجيل الدخول
English
Deutsch
Español
Français
Italiano
日本語
Nederlands
Português
Português (Brasil)
中文(简体)
中文(繁體)
Türkçe
עברית
Gaeilge
Cymraeg
Ελληνικά
Català
Euskara
Русский
Čeština
Suomi
Svenska
polski
Dansk
slovenščina
اللغة العربية
বাংলা
Galego
Tiếng Việt
Hrvatski
हिंदी
Հայերէն
Українська
Sámegiella
اللغة
كل الحقول
العنوان
المؤلف
الموضوع
رقم الاستدعاء
ردمك/تدمد
الوسم
ابحث
بحث متقدم
La educación superior en Nicar...
استشهد بهذا
أرسل هذا بالبريد الإلكتروني
طباعة
تصدير التسجيلة
تصدير إلى RefWorks
تصدير إلى EndNoteWeb
تصدير إلى EndNote
أضف إلى المفضلة
رابط دائم
إضافة أول تقييم
La educación superior en Nicaragua
محفوظ في:
التفاصيل البيبلوغرافية
المؤلف الرئيسي:
Zepeda López, Raúl Antonio
مؤلف مشترك:
CSUCA
التنسيق:
نص
منشور في:
San José:
CSUCA
الوسوم:
إضافة وسم
لا توجد وسوم, كن أول من يضع وسما على هذه التسجيلة!
المقتنيات
الوصف
التعليقات
مواد مشابهة
عرض للأخصائي
MARC
LEADER
00000 a a2200000 04500
001
21180
003
040
090
|a
092100
100
|a
Zepeda López, Raúl Antonio
110
|a
CSUCA
245
|a
La educación superior en Nicaragua
260
|a
San José:
|b
CSUCA
300
|a
135 p.; v. 2
999
|c
14760
|d
14760
مواد مشابهة
La educación superior en Panamá
حسب: Smith Wiltshire, David A
Análisis de la coyuntura El Rabiblancazo
حسب: Ducasa Batista, Manuel Antonio
La neutralidad y la paz de Costa Rica
حسب: Vargas Araya, Armando
Estudio de factibilidad de un plan educativo para refugiados en México y Costa Rica /
حسب: Fernández, Gabriela
Las alternativas de paz y la cumbre centroamericana -cronología-